| 000 | 00609nam a22001697a 4500 | ||
|---|---|---|---|
| 003 | MACL | ||
| 005 | 20151016121119.0 | ||
| 008 | 151016b xxu||||| |||| 00| 0 eng d | ||
| 040 | _cMACL | ||
| 041 | _aHindi | ||
| 082 | _a741.642 | ||
| 100 |
_4243/3 _aशुक्ल,परशुराम _915228 |
||
| 245 | _aमकड़ी एक रूप अनेक/कौन बड़ा/कनहाई के जगाई राजा | ||
| 260 |
_aइलाहाबाद _bमधुलिका प्रकाशन _c2010 |
||
| 650 |
_aचिल्ड्रन बुक्स _9343 |
||
| 942 |
_2ddc _cHIN |
||
| 999 |
_c50375 _d50375 |
||